00517nam a22001817i 4500001000400000003000400004005001700008007000300025008004100028024001300069040000800082084005400090100001900144245009600163260003800259300002000297700001800317291OSt20170126082241.0tu161220s1987 xxu||||| |||| 00| 0 d7 a2902RID cOSt a2.202a3.243a3.61a8.23a10.81a15.24a15.5062z1 aHanson, Philip00aThe Comparative Economics of Research Development and Innovation in East and West:A Survey bHarwood academic publishersc1987 a101 S. ;c21cm.1 aPavitt, Keith